Statystyki dla Państwa będące na tym samym równoleżniku i południku, co Polska

Kliknij tutaj aby rozwiązać quiz!

Ogólne statystyki

  • Ten quiz został rozwiązany 2 902 razy
  • Średni wynik to 17 z 24

Statystyki odpowiedzi

Współrz.Państwa% Poprawnych
Niemcy
97%
Rosja
96%
Słowacja
91%
Ukraina
88%
Czechy
87%
Francja
85%
Węgry
82%
Szwecja
80%
Równoleżnik 50°NKanada
79%
Belgia
77%
Chiny
76%
Serbia
73%
Kazachstan
72%
Mongolia
71%
Południowa Afryka
71%
Południk 20°ENorwegia
70%
Libia
64%
Czad
59%
Albania
56%
Dem. Rep. Konga
48%
Angola
44%
Republika Śr-afrykańska
43%
Botswana
41%
Namibia
39%

Rozkład punktacji

Percentyl według liczby udzielonych odpowiedzi

Procent ludzi z każdym wynikiem

Twoja historia wyników

Nie rozwiązałeś tego quizu